000 00736nam a2200289Ia 4500
005 20260324112839.0
008 008 260324s9999 xx 000 0 eng d
020 _a9781032637778
037 _aEBOOK
040 _aCRL
040 _beng
040 _cCRL
041 _2eng
041 _aeng
084 _qCRL
100 _aSaloomeh Tabari; Wei Chen; Nazan Colmekcioglu
_91144380
245 0 _aConsumer Behaviour in Hospitality and Tourism
245 0 _bContemporary Perspectives and Challenges
260 _bTaylor and Francis
260 _c2024
365 _a
365 _b220
856 _uhttp://www.taylorfrancis.com/books/9781032637778
942 _cEBOOK
999 _c1733750
_d1733750